000 01999 a2200229 4500
001 3770
005 20260407155430.0
008 260407a2003 arg spa d
003 AR-UNSa-BCEJYS
040 _aAR-UNSa-BCEJYS
_bspa
_cAR-UNSa-BCEJYS
080 _a321
_xFormas de la organización política. Los estados como poderes políticos
245 1 0 _aDel contrato social o principios del derecho político
020 _a950-527-908-6
264 1 _aBuenos Aires :
_bUniversidad de Buenos Aires. Facultad de Derecho. Departamento de Publicaciones
_c2003
300 _axxviii, 86 p.
_c24 cm.
505 _aLIBRO PRIMERO: 1. Materia del primer libro - 2. De las primeras sociedades - 3. Del derecho del más fuerte - 4. De la esclavitud - 5. Que siempre es necesario, subir a una primera convención - 6. Del pacto social - 7. Del soberano - 8. Del estado civil - 9. Del dominio real - LIBRO SEGUNDO: 1. Que la soberanía es inalienable 2. Que la soberanía es indivisible - 3. Si la voluntad general puede errar 4. De los límites del poder soberano - 5. Del derecho de vida y muerte - 6. De la ley - 7. Del legislador - 8. Del pueblo - 9. Continuación - 10. Continuación - 11. De los diversos sistemas de legislación - 12. División de leyes - LIBRO TERCERO: 1. Del gobierno en general - 2. Del principio que constituye las diversas formas del gobierno - 3. División de los gobiernos - 4. De la democracia - 5. De la Aristocracia - 6. De la Monarquía - 7. De los gobiernos mixtos - 8. Que toda forma de gobierno no conviene a todos los países - 9. De las señales de un buen gobierno - 10. De los abusos del gobierno, y de su propensión a degenerar - 11. De la muerte del cuerpo político - 12. Como se mantiene la autoridad soberana.
942 _cBK
590 _aniveau_biblio:m niveau_hierar:0
100 1 _aMoreno, Mariano
700 1 _aRousseau, Jean-Jacques
856 4 1 _uhttps://biblioeco.unsa.edu.ar/pmb/images/libros/Del Contrato Social-l117905.jpg
_yImagen de portada
_qimage/jpeg
999 _c355
_d355